Informal introduction to ALGOL 68 /
Guardado en:
| Autor Principal: | |
|---|---|
| Otros Autores: | |
| Formato: | Libro |
| Idioma: | English |
| Publicado: |
Amsterdam :
North-Holland,
1973, c1971.
|
| Materias: | |
| Etiquetas: |
Agregar Etiqueta
Sin Etiquetas, Sea el primero en etiquetar este registro!
|
| LEADER | 00636cam a22001935a 4500 | ||
|---|---|---|---|
| 001 | MAT.inmabb002307 | ||
| 008 | 711102t19731971ne#a##########001#0#eng#d | ||
| 005 | 20170502161949.0 | ||
| 245 | 1 | 0 | |a Informal introduction to ALGOL 68 / |c C. H. Lindsey, S. G. van der Meulen. |
| 260 | |a Amsterdam : |b North-Holland, |c 1973, c1971. | ||
| 300 | |a viii, 368 p., 1 h. pleg. : |b il. ; |c 23 cm. | ||
| 500 | |a "First revised reprint." | ||
| 020 | |a 0720420482 | ||
| 100 | 1 | |a Lindsey, C. H. | |
| 700 | 1 | |a Meulen, S. G. van der. | |
| 650 | 0 | |a ALGOL (Computer program language) | |
| 084 | |a 68N15 |2 MR | ||
| 010 | |a 78148532 | ||
| 859 | |h 68 |i L752 |p A-3981 |b BIB. MATEMATICA | ||
